000 00981nam0a2200289 4500
001 RU\NLR\bibl\1307405
005 20260601075433.0
010 _a978-5-17-008312-1
_bАСТ
010 _a978-5-9713-0760-0
_bАСТ МОСКВА
_95000
021 _aRU
_b2008-84155
_94907
021 _aRU
_b2008-84073
_94903
035 _a(NLR Aleph) 001292904
090 _a570611
_c570611
100 _a20081212d2008 |||y0rusy50 ca
101 1 _arus
_ceng
102 _aRU
105 _ay |||||||||
200 1 _aКонец света
_e[роман]
_fСидни Шелдон
_g[пер. с англ. А.П. Романова]
210 _aМосква
_cАСТ
_cАСТ МОСКВА
_d2008
215 _a350, [1] с.
_d17
320 _aНа 4-й с. обл. др. кн. авт.
700 1 _4070
_8rus
_7ca
_aШелдон
_bС.
_f1917-2007
_gСидни
_3RU\NLR\auth\773774
_9113766
801 0 _aRU
_bNLR
_c20081212
_gRCR
801 1 _aRU
_bNLR
_c20081212
942 _cBOOK
980 _aNB